El juego y los juguetes /
Guardado en:
| Autor Principal: | |
|---|---|
| Formato: | Libro |
| Publicado: |
Buenos Aires :
Kapelusz,
1978
|
| Materias: | |
| Etiquetas: |
Agregar Etiqueta
Sin Etiquetas, Sea el primero en etiquetar este registro!
|
| LEADER | 00915nam a22002175a 4500 | ||
|---|---|---|---|
| 001 | CEM.cems009720 | ||
| 005 | 20080721110844.0 | ||
| 008 | 130507s1978##################000#0#####d | ||
| 003 | CEMS | ||
| 082 | 0 | 4 | |a 371.73 |
| 100 | 1 | |a Hetzer, Hildegard | |
| 245 | 1 | 0 | |a El juego y los juguetes / |c Hetzer Hildegard |
| 260 | |a Buenos Aires : |b Kapelusz, |c 1978 | ||
| 300 | |a 111 p. | ||
| 505 | 0 | |a La importancia vital del juego -- LLegar al trabajo a través del juego -- El tiempo de jugar y la libertad de movimiento en el espacio -- La guía del adulto en el juego -- La elección de los juguetes -- Formas de juego -- Como se benefician por medio del juego los niños socio-culturamente menos favorecidos -- El juego en la guardería | |
| 653 | |a Educación | ||
| 653 | |a Juego | ||
| 653 | |a Juego y educación | ||
| 653 | |a Juego y juguetes | ||
| 653 | |a Juguetes | ||
| 859 | |a CEMS |b BIB. CEMS - 11 de abril |h 371.73 |i H469 |p 19998.98 |t Ej.1 | ||
